LEADER 02026nas a2200241 i 4500
001 000000002042
003 CaOOAMICUS
005 20211112115108.0
008 180830d19661988vc zx p u0 0mul r
022 $a1818-524X
040 $aSeMil$bita
245 00$aBulletin /$cSecretariatus pro non Christianis.
362 0 $a1966-1988
500 $aPosseduta l'annata 1967 della "Serie supplementare al Bollettino".
510 4 $aCod. rivista ACNP:$cP 00239980
710 0 $aSanta Sede : Pontificio Consiglio per il Dialogo Interreligioso.$0(OLS)http://semarc/name/1801
785 00$tBulletin.$dCittà del Vaticano : Tipografia Poliglotta Vaticana, 1989-1993.$x1818-5258$w()2041
850 $aSeMil
852 $aSeMil$W1$xVenegono$y1$pCliccare per visualizzare collocazione e posseduto cumulativo
Cliccare per visualizzare eventuali spogli (alla eventuale voce ?Indici? in fondo di pagina)$B239465$CSeMilBibl$Z2$F239465 $85
852 $aSeMil$W1$xVenegono$y1$pCliccare per visualizzare collocazione e posseduto cumulativo (della "Serie supplementare al Bollettino")
Cliccare per visualizzare eventuali spogli (alla eventuale voce ?Indici? in fondo di pagina)$B239564$CSeMilBibl$Z2$F239564 $85
996 $6022$a1818-524X$9(OLS)http://semarc/number/294501
996 $6245$aBulletin$9(OLS)http://semarc/title/3378
LEADER 00952nam a2200205 i 4500
001 000000044439
003 CaOOAMICUS
005 20120731000000.0
008 120731s1843 xx u000 u fre u
013 $a15609
040 $aSeMil$bita
100 1 $aRaymond, François Louis Dominique .$0(OLS)http://semarc/name/19201
245 10$aDu catholicisme dans les sociétés modernes, considéré dans ses rapports avec les besoins du 19. siècle /$cpar M. l'abbé Raymond.
260 $aParis :$bDebécourt,$c1843.
300 $aXXXVI, 474 p. ;$c23 cm.
650 4$aCattolicesimo.$0(OLS)http://semarc/subject/2438
850 $aSeMil
852 $aSeMil$W1$xVenegono$y1$m2B IV 90 FA$j10594$B10594$CSeMilBibl$Z2$F10594 $8I
996 $6245$aDu catholicisme dans les sociétés modernes, considéré dans ses rapports avec les besoins du 19. siècle$9(OLS)http://semarc/title/65724
996 $6260$aParis :$bDebécourt$9(OLS)http://semarc/publisher/37039